Statistics for Glass Animals Studio Album Discography

Click here to take the quiz!

General Stats

  • This quiz has been taken 70 times
  • The average score is 25 of 41

Answer Stats

HintAnswer% Correct
14.Heat Waves
97%
4.Gooey
87%
1.Dreamland
79%
Album #3Dreamland
79%
16.Helium
79%
3.Season 2 Episode 3
79%
2.Tangerine
76%
2.Black Mambo
74%
5.Mama's Gun
74%
10.Poplar St
74%
6.Space Ghost Coast to Coast
74%
8.The Other Side of Paradise
74%
8.Toes
74%
2.Youth
74%
Album #2How to Be a Human Being
71%
4.Pork Soda
71%
Album #1ZABA
71%
1.Life Itself
68%
7.Tokyo Drifting
68%
9.Your Love (Déjà Vu)
68%
11.Agnes
66%
6.Cane Shuga
66%
13.Domestic Bliss
66%
7.Hazey
66%
7.Premade Sandwiches
63%
3.Pools
61%
8.Melon and the Coconut
55%
9.Take a Slice
55%
4.Hot Sugar
53%
10.Cocoa Hooves
50%
1.Flip
47%
11.It's All So Incredibly Loud
45%
11.JDNT
45%
5.Walla Walla
45%
9.Wyrd
45%
12.Home Movie: Rockets
37%
6.Intruxx
37%
10.Waterfalls Coming Out Of Your Mouth
34%
3.Home Movie: 1994
21%
5.Home Movie: BTX
21%
15.Home Movie: Shoes On
18%

Score Distribution

Percentile by Number Answered

Percent of People with Each Score

Your Score History

You have not taken this quiz